Физика и физические термины в системе предвузовской подготовки иностранных студентов; Методология обучения и повышения эффективности академической, социально-культурной и психологической адаптации иностранных студентов в российском вузе: теоретические и прикладные аспекты; Т. 1

Podrobná bibliografie
Parent link:Методология обучения и повышения эффективности академической, социально-культурной и психологической адаптации иностранных студентов в российском вузе: теоретические и прикладные аспекты: материалы Всероссийского семинара, 21-23 октября 2008 г./ Томский политехнический университет (ТПУ), Институт международного образования и языковой коммуникации (ИМОиЯК).— , 2008
Т. 1.— 2008.— С. 251-253
Hlavní autor: Макиенко А. В.
Jazyk:ruština
Vydáno: 2008
Témata:
Médium: MixedMaterials Kapitola
KOHA link:https://koha.lib.tpu.ru/cgi-bin/koha/opac-detail.pl?biblionumber=156053

MARC

LEADER 00000naa2a2200000 4500
001 156053
005 20231031152901.0
035 |a (RuTPU)RU\TPU\book\169252 
090 |a 156053 
100 |a 20090323d2008 k y0rusy50 ca 
101 0 |a rus 
102 |a RU 
200 1 |a Физика и физические термины в системе предвузовской подготовки иностранных студентов  |f А. В. Макиенко 
461 1 |0 (RuTPU)RU\TPU\book\164988  |t Методология обучения и повышения эффективности академической, социально-культурной и психологической адаптации иностранных студентов в российском вузе: теоретические и прикладные аспекты  |o материалы Всероссийского семинара, 21-23 октября 2008 г.  |f Томский политехнический университет (ТПУ), Институт международного образования и языковой коммуникации (ИМОиЯК)  |d 2008 
463 0 |0 (RuTPU)RU\TPU\book\163844  |y 5-87307-070-9  |t Т. 1  |v С. 251-253  |d 2008  |p 365 с. 
610 1 |a иностранные студенты 
610 1 |a предвузовская подготовка 
610 1 |a физика 
610 1 |a термины 
610 1 |a терминология 
610 1 |a речь 
610 1 |a подготовительные отделения 
610 1 |a компьютерные технологии 
610 1 |a труды учёных ТПУ 
700 1 |a Макиенко  |b А. В. 
801 1 |a RU  |b 63413507  |c 20090323  |g PSBO 
801 2 |a RU  |b 63413507  |c 20141210  |g RCR 
942 |c BK